Architecture, media, archives : (Record no. 14341)

000 -LEADER
fixed length control field 01026cam a2200253 i 4500
003 - CONTROL NUMBER IDENTIFIER
control field OSt
005 - DATE AND TIME OF LATEST TRANSACTION
control field 20260215130219.0
008 - FIXED-LENGTH DATA ELEMENTS--GENERAL INFORMATION
fixed length control field 241203t20242024enka b 001 0 eng d
020 ## - INTERNATIONAL STANDARD BOOK NUMBER
International Standard Book Number 9781350345362
Qualifying information hardcover
042 ## - AUTHENTICATION CODE
Authentication code lccopycat
043 ## - GEOGRAPHIC AREA CODE
Geographic area code e-uk---
050 00 - LIBRARY OF CONGRESS CALL NUMBER
Classification number PN2598.L577
Item number B66 2024
082 04 - DEWEY DECIMAL CLASSIFICATION NUMBER
Classification number 720.92
Edition number 23
100 1# - MAIN ENTRY--PERSONAL NAME
Personal name Bonet Miró, Ana
Relator term author.
245 10 - TITLE STATEMENT
Title Architecture, media, archives :
Remainder of title the Fun Palace of Joan Littlewood and Cedric Price as a cultural project /
Statement of responsibility, etc Ana Bonet Miró.
300 ## - PHYSICAL DESCRIPTION
Extent xiv, 220 pages :
Other physical details illustrations ;
Dimensions 25 cm
504 ## - BIBLIOGRAPHY, ETC. NOTE
Bibliography, etc Includes bibliographical references (pages 199-214) and index.
600 10 - SUBJECT ADDED ENTRY--PERSONAL NAME
Personal name Littlewood, Joan
General subdivision Criticism and interpretation.
600 10 - SUBJECT ADDED ENTRY--PERSONAL NAME
Personal name Price, Cedric
General subdivision Criticism and interpretation.
650 #0 - SUBJECT ADDED ENTRY--TOPICAL TERM
Topical term or geographic name as entry element Theater architecture
Geographic subdivision Great Britain
General subdivision History
Chronological subdivision 20th century.
650 #0 - SUBJECT ADDED ENTRY--TOPICAL TERM
Topical term or geographic name as entry element Augmented reality.
776 08 - ADDITIONAL PHYSICAL FORM ENTRY
Display text Electronic version:
Main entry heading Mir̤, Ana Bonet.
Title Architecture, Media, Archives.
Place, publisher, and date of publication Bloomsbury UK 2024
International Standard Book Number 9781350345379
Record control number (OCoLC)1451074598
942 ## - ADDED ENTRY ELEMENTS (KOHA)
Source of classification or shelving scheme
Holdings
Withdrawn status Lost status Source of classification or shelving scheme Damaged status Koha normalized classification for sorting Not for loan Permanent location Current location Shelving location Date acquired Full call number Barcode Date last seen Price effective from Koha item type
        720_920000000000000   BMS College of Architecture, Design and Planning BMS College of Architecture, Design and Planning General Stacks 2025-12-19 720.92 AR-UG5268 2026-02-10 2026-02-10 UG Books
Copyright © 2025, The Librarian, Library and Information Centre, BMSCA D&P, Bengaluru. All Rights Reserved
web counter

Powered by Koha